New headway Elementary : Teacher's book

Wedi'i Gadw mewn:
Manylion Llyfryddiaeth
Prif Awdur: Soars, Liz
Awduron Eraill: Maris, Amanda, Soars, John
Fformat: Llyfr
Cyhoeddwyd: Oxford Oxford Univ. Press 2006
Rhifyn:3rd ed.
Pynciau:
Tagiau: Ychwanegu Tag
Dim Tagiau, Byddwch y cyntaf i dagio'r cofnod hwn!
Thư viện lưu trữ: Trung tâm Học liệu Lê Vũ Hùng, Trường Đại học Đồng Tháp
LEADER 00860pam a22003138a 4500
001 00027733
005 20171026081023.0
008 111219s2006 ||||||Engsd
020 # # |a 0 19 471512 4 
041 0 # |a Eng 
082 1 4 |a 428  |b N207H 
100 1 # |a Soars, Liz 
245 1 0 |c Liz and John Soars, Amanda Maris  |a New headway  |b Elementary : Teacher's book 
250 # # |a 3rd ed. 
260 # # |a Oxford  |b Oxford Univ. Press  |c 2006 
300 # # |a 176p.  |b ill.  |c 28cm. 
650 # 4 |a Tiếng Anh  |x Ngứ pháp 
653 # # |a Anh ngữ thực hành 
700 1 # |a Maris, Amanda 
700 1 # |a Soars, John 
852 # # |b Kho đọc  |j KD.0012238 
852 # # |j KD.0012238 
910 0 # |a Ntuyet  |d 19/12/2011 
980 # # |a Trung tâm Học liệu Lê Vũ Hùng, Trường Đại học Đồng Tháp